Teatro (Record no. 105685)

MARC details
000 -LEADER
campo de control de longitud fija 01063nam a2200289 i 4500
001 - NÚMERO DE CONTROL
campo de control 105685
003 - IDENTIFICADOR DE NÚMERO DE CONTROL
campo de control ES-MaACL
007 - CAMPO FIJO DE DESCRIPCIÓN FÍSICA--INFORMACIÓN GENERAL
campo de control de longitud fija t|
008 - DATOS DE LONGITUD FIJA--INFORMACIÓN GENERAL
campo de control de longitud fija 060807s1959 ag ||||1| spa d
080 ## - NÚMERO DE LA CLASIFICACIÓN DECIMAL UNIVERSAL
Número de la Clasificación Decimal Universal 821.111-2"19"
100 1# - ENTRADA PRINCIPAL--NOMBRE DE PERSONA
Nombre de persona Synge, John Millington.
9 (RLIN) 108975
245 10 - MENCIÓN DEL TÍTULO
Título Teatro
Resto del título : La sombra del valle ; Jinetes hacia el mar ; La boda del hojalatero ; El manantial de los santos ; El botarate del oeste ; Deirdre de los dolores /
Mención de responsabilidad, etc. John M. Synge ; traducción directa de Marta Acosta van Praet.
260 ## - PUBLICACIÓN, DISTRIBUCIÓN, ETC.
Lugar de publicación, distribución, etc. Buenos Aires :
Nombre del editor, distribuidor, etc. Losada,
Fecha de publicación, distribución, etc. [1959]
300 ## - DESCRIPCIÓN FÍSICA
Extensión 245 p. ;
Dimensiones 21 cm.
490 1# - MENCIÓN DE SERIE
Mención de serie Gran teatro del mundo
500 ## - NOTA GENERAL
Nota general Biblioteca Juan Andrade.
700 1# - ENTRADA AGREGADA--NOMBRE PERSONAL
Nombre de persona Acosta van Praet, Marta.
9 (RLIN) 18322
740 3# - ENTRADA AGREGADA--TÍTULO RELACIONADO/ANALÍTICO NO CONTROLADO
Título relacionado o analítico no controlado La sombra del valle.
740 0# - ENTRADA AGREGADA--TÍTULO RELACIONADO/ANALÍTICO NO CONTROLADO
Título relacionado o analítico no controlado Jinetes hacia el mar.
740 3# - ENTRADA AGREGADA--TÍTULO RELACIONADO/ANALÍTICO NO CONTROLADO
Título relacionado o analítico no controlado La boda del hojalatero.
740 3# - ENTRADA AGREGADA--TÍTULO RELACIONADO/ANALÍTICO NO CONTROLADO
Título relacionado o analítico no controlado El manantial de los santos.
740 3# - ENTRADA AGREGADA--TÍTULO RELACIONADO/ANALÍTICO NO CONTROLADO
Título relacionado o analítico no controlado El botarate del oeste.
740 0# - ENTRADA AGREGADA--TÍTULO RELACIONADO/ANALÍTICO NO CONTROLADO
Título relacionado o analítico no controlado Deirdre de los dolores.
830 00 - PUNTO DE ACCESO ADICIONAL DE SERIE-TÍTULO UNIFORME
Título uniforme Gran teatro del mundo (Losada)
9 (RLIN) 184853
852 ## - LOCALIZACIÓN
Ubicación ES-MaACL
Número de control de estantería AND-498
Sublocalización o colección R.109811
Holdings
Estatus retirado Estado de pérdida Estado de daño No para préstamo Biblioteca de origen Biblioteca actual Ubicación en estantería Fecha de adquisición Fuente de adquisición Total de préstamos Signatura topográfica completa Código de barras Visto por última vez Precio de reemplazo Tipo de ítem Koha
        Biblioteca del Ateneo de Madrid Biblioteca del Ateneo de Madrid Depósito 2 17/01/2008     AND-498 1110337 23/02/2023 23/02/2023 Libro impreso